000 02717nam a2200397 c 4500
003 BLK
005 20250110171821.0
008 180409b bul|||||r ||||||| ||bul||
010 _aKNG00142775000
040 _aBLK
041 _aBUL
_cBUL
080 _aБългарска литература
_b821.163.2
_x(081.1)
_z821.163.2(081.1)
080 _aБългарска литература
_b821.163.2
_x-93-1
_z821.163.2-93-1
100 1 _aРазцветников, Асен
_d1897 - 1951
_qКоларов, Асен Петков
_eпърви автор
_gКоларов, Асен Петков
_9114515
700 _aЗидаров, Камен
_gМанев, Тодор Събев
_cПисател, поет, драматург, дир. на Военния театър в София, автор на учебни помагала, прев. от руски език
_d1902-1987
_9373166
700 1 _aДинеков, Петър Николов
_eпредг. от на том
_9363799
700 _aЗидаров, Камен
_gМанев, Тодор Събев
_cПисател, поет, драматург, дир. на Военния театър в София, автор на учебни помагала, прев. от руски език
_d1902-1987
_9373166
700 1 _aНеделчев, Михаил
_e*
_9366196
700 1 _aЯнков, Николай
_e*
_9364665
700 1 _aВелчев, Петър Иванов
_e*
_9378964
700 1 _aКоларов, Асен Петков
_e*
_9366358
139 _aРазцветников, Асен
_bР 26
245 1 0 _aСъбрани съчинения
_bВ 4 т.
_cАсен Разцветников; ред. кол. Камен Зидаров; предг. от на том Петър Николов Динеков; под ред. на на том Камен Зидаров; * Михаил Неделчев; * Николай Янков; * Петър Иванов Велчев; * Асен Петков Коларов.
_nТ. 1
_pЛирика
257 _aBGR
260 София
_bБълг. писател
_c1981-
_fВ. Търново : Д. Найденов
300 _c21 см
380 _aX
500 _aДруги ред.: М. Неделчев, Н. Янков, П. Велчев. - Асен Разцветников е псевд. на Асен Петков Коларов. - 30 113 тир.
760 1 _aРазцветников, Асен
_d1981
_h436 с. : 5 л. портр., факс.
_tТ. 1 Лирика
852 _aЦб 112002
856 4 _qpdf
_u
856 4 _qpdf
_u
942 _cKNG
_n0
_04
944 _aCR
_c16.05.2013
_lЦветомила Тодорова
_k30576
944 _aED
_c16.05.2013
_l16.05.2013 - от С1,Р / 16.05.2013
_k
999 _c136818
_d136818